Don Jorge y el dragón

Guardat en:
Dades bibliogràfiques
Autor principal: Vergara, José Manuel (Autor)
Format: Llibre
Idioma:espanyol
Publicat: Santiago Del Nuevo Extremo 1962
Matèries:
Etiquetes: Afegir etiqueta
Sense etiquetes, Sigues el primer a etiquetar aquest registre!

MARC

LEADER 00000nam a2200000 a 4500
001 UCN5955
003 CL-VaPUC
008 010913e19620000CL |||||||||||||||||spa|d
082 0 4 |a Ch863  |b VER  |2 21 
100 0 |a Vergara, José Manuel  |e author  |9 461689 
245 1 0 |a Don Jorge y el dragón 
300 |a 156 p 
942 |c BK 
945 |d 20010913 00:00:00  |a vberengu 
260 |a Santiago  |b Del Nuevo Extremo  |c 1962 
650 0 |a Novelas chilenas   |9 265425 
650 0 |a Literatura chilena   |9 308278 
583 |a last modification  |c 20010913 00:00:00  |k Rodrigo Vera 
999 |c 297056  |d 297054 
952 |0 0  |1 0  |4 0  |6 CH_863_000000000000000_VER_1962  |7 0  |8 A  |9 351456  |a BIBEDU  |b BIBEDU  |d 2019-11-21  |i 3750108  |o Ch863 VER 1962  |p 3750108  |r 2019-11-21  |w 2019-11-21  |y BK  |k LIT